[Event "EYCC Girls U16 2018"]
[Site "Riga"]
[Date "2018.08.26"]
[Round "6"]
[White "Khachatryan, Anna"]
[Black "Schulze, Lara"]
[Result "1-0"]
[WhiteElo "1969"]
[BlackElo "2167"]
[Annotator "NA"]
[PlyCount "129"]
[EventDate "2018.08.20"]
[EventType "swiss"]
[EventCountry "LAT"]
[SourceTitle "playchess.com"]
[Source "ChessBase"]
[SourceQuality "1"]
[TimeControl "40/5400+30:1800+30"]

1. Nf3 {[%emt 0:00:00]} Nf6 {[%emt 0:00:00]} 2. g3 {[%emt 0:00:00]} b5 {[%emt 0:00:00]} 3. Bg2 {[%emt 0:00:00]} Bb7 {[%emt 0:00:00]} 4. O-O {[%emt 0:00:04]} e6 {[%emt 0:00:00]} 5. d3 {[%emt 0:00:25]} d6 {[%emt 0:00:14]} 6. b3 {[%emt 0:08:55]} Be7 {[%emt 0:01:55]} 7. Bb2 {[%emt 0:00:04]} O-O {[%emt 0:00:20]} 8. Nbd2 {[%emt 0:06:24]} c5 {[%emt 0:03:05]} 9. c4 {[%emt 0:04:58]} a6 {[%emt 0:03:14]} 10. e3 {[%emt 0:09:44]} Nbd7 {[%emt 0:11:56]} 11. Qe2 {[%emt 0:05:48]} d5 {[%emt 0:04:30]} 12. Ne5 {[%emt 0:11:05]} Nxe5 {[%emt 0:04:09]} 13. Bxe5 {[%emt 0:00:05]} Qb6 {[%emt 0:01:05]} 14. Rfd1 {[%emt 0:12:49]} Rfd8 {[%emt 0:01:06]} 15. g4 {[%emt 0:07:35]} Nd7 {[%emt 0:09:17]} 16. Bg3 {[%emt 0:01:01]} a5 {[%emt 0:03:08]} 17. a4 {[%emt 0:02:50]} dxc4 {[%emt 0:03:30]} 18. dxc4 {[%emt 0:00:43]} Bxg2 {[%emt 0:01:58]} 19. Kxg2 {[%emt 0:00:03]} Bf6 {[%emt 0:02:13]} 20. Ra2 {[%emt 0:09:54]} bxa4 {[%emt 0:09:09]} 21. bxa4 {[%emt 0:00:31]} Qc6+ {[%emt 0:03:23]} 22. Qf3 {[%emt 0:03:15]} Ne5 {[%emt 0:06:40]} 23. Bxe5 {[%emt 0:00:18]} Qxf3+ {[%emt 0:00:05]} 24. Kxf3 {[%emt 0:00:14]} Bxe5 {[%emt 0:00:06]} 25. Rb1 {[%emt 0:00:28]} Bc3 {[%emt 0:01:42]} 26. Ke2 {[%emt 0:02:30]} Bb4 {[%emt 0:01:47]} 27. Nb3 {[%emt 0:01:51]} Kf8 {[%emt 0:02:49]} 28. Rd1 {[%emt 0:01:43]} Ke7 {[%emt 0:03:47]} 29. Raa1 {[%emt 0:00:24]} h5 {[%emt 0:11:42]} 30. h3 {[%emt 0:03:22]} Rxd1 {[%emt 0:00:51]} 31. Rxd1 {[%emt 0:00:04]} hxg4 {[%emt 0:00:36]} 32. hxg4 {[%emt 0:00:02]} Rh8 {[%emt 0:00:11]} 33. Kf3 {[%emt 0:02:05]} g5 {[%emt 0:03:34]} 34. Rg1 {[%emt 0:04:50]} Kd6 {[%emt 0:03:52]} 35. Nc1 {[%emt 0:01:59]} Kc6 {[%emt 0:02:27]} 36. Nd3 {[%emt 0:00:09]} f6 {[%emt 0:00:48]} 37. Rd1 {[%emt 0:00:54]} Rb8 {[%emt 0:01:52]} 38. Rb1 {[%emt 0:00:19]} Rd8 {[%emt 0:00:55]} 39. Rd1 {[%emt 0:00:09]} Rd7 {[%emt 0:00:32]} 40. Ke2 {[%emt 0:00:00]} Rh7 {[%emt 0:00:00]} 41. Kf3 {[%emt 0:04:37]} Rb7 {[%emt 0:07:47]} 42. Rb1 {[%emt 0:00:12]} Rd7 {[%emt 0:00:30]} 43. Ke2 {[%emt 0:00:35]} Rh7 {[%emt 0:03:49]} 44. f3 {[%emt 0:06:06]} Rb7 {[%emt 0:05:34]} 45. Nf2 {[%emt 0:01:09]} f5 {[%emt 0:02:14]} 46. gxf5 {[%emt 0:06:37]} exf5 {[%emt 0:00:07]} 47. Nd3 {[%emt 0:00:13]} Rh7 {[%emt 0:04:51]} 48. Rg1 {[%emt 0:00:32]} Rg7 {[%emt 0:04:29]} 49. Rh1 {[%emt 0:09:08]} Kb7 {[%emt 0:00:29]} 50. e4 {[%emt 0:02:03]} fxe4 {[%emt 0:00:53]} 51. fxe4 {[%emt 0:00:01]} g4 {[%emt 0:00:21]} 52. Rg1 {[%emt 0:00:39]} g3 {[%emt 0:02:04]} 53. Ke3 {[%emt 0:03:10]} Kb6 {[%emt 0:01:12]} 54. Rg2 {[%emt 0:01:21]} Bc3 {[%emt 0:00:49]} 55. Kf4 {[%emt 0:01:07]} Rd7 {[%emt 0:01:25]} 56. Rxg3 {[%emt 0:00:17]} Rd4 {[%emt 0:00:59]} 57. Ne5 {[%emt 0:00:17]} Bb4 {[%emt 0:00:46]} 58. Rd3 {[%emt 0:00:43]} Kc7 {[%emt 0:00:27]} 59. Rxd4 {[%emt 0:00:16]} cxd4 {[%emt 0:00:01]} 60. Nd3 {[%emt 0:00:11]} Kd7 {[%emt 0:01:04]} 61. Ke5 {[%emt 0:00:16]} Bc3 {[%emt 0:00:03]} 62. Kd5 {[%emt 0:00:06]} Ke7 {[%emt 0:00:33]} 63. c5 {[%emt 0:01:31]} Kd7 {[%emt 0:00:04]} 64. e5 {[%emt 0:00:18]} Ke7 {[%emt 0:00:16]} 65. c6 {[%emt 0:00:21]} 1-0

[Event "EYCC Girls U16 2018"]
[Site "Riga"]
[Date "2018.08.26"]
[Round "6"]
[White "Kocyigit, Buse Naz"]
[Black "Beydullayeva, Govhar"]
[Result "1/2-1/2"]
[WhiteElo "1950"]
[BlackElo "2184"]
[Annotator "NA"]
[PlyCount "119"]
[EventDate "2018.08.20"]
[EventType "swiss"]
[EventCountry "LAT"]
[SourceTitle "playchess.com"]
[Source "ChessBase"]
[SourceQuality "1"]
[TimeControl "40/5400+30:1800+30"]

1. d4 {[%emt 0:00:00]} c5 {[%emt 0:00:00]} 2. d5 {[%emt 0:00:20]} d6 {[%emt 0:00:00]} 3. c4 {[%emt 0:00:34]} g6 {[%emt 0:00:37]} 4. Nc3 {[%emt 0:03:11]} Bg7 {[%emt 0:00:09]} 5. Qc2 {[%emt 0:01:40]} Nf6 {[%emt 0:00:48]} 6. e4 {[%emt 0:03:18]} O-O {[%emt 0:04:29]} 7. Bd3 {[%emt 0:01:18]} e6 {[%emt 0:05:53]} 8. h3 {[%emt 0:05:28]} exd5 {[%emt 0:01:43]} 9. cxd5 {[%emt 0:01:25]} Re8 {[%emt 0:02:57]} 10. Nf3 {[%emt 0:04:02]} a6 {[%emt 0:03:21]} 11. a4 {[%emt 0:00:32]} Qc7 {[%emt 0:07:44]} 12. Nd2 {[%emt 0:03:42]} Nbd7 {[%emt 0:02:34]} 13. Nc4 $11 {[%emt 0:08:32]} Rb8 {[%emt 0:06:46]} 14. a5 {[%emt 0:03:14]} b5 {[%emt 0:06:54]} 15. axb6 {[%emt 0:00:06]} Nxb6 {[%emt 0:00:03]} 16. O-O {[%emt 0:09:19]} Nxc4 {[%emt 0:19:57]} 17. Bxc4 {[%emt 0:00:02]} Rb4 {[%emt 0:00:14]} 18. Na2 {[%emt 0:17:25]} Rb6 {[%emt 0:03:18]} 19. f3 {[%emt 0:02:48]} Nh5 {[%emt 0:02:52]} 20. g4 {[%emt 0:05:13]} Bd4+ {[%emt 0:02:25]} 21. Kg2 {[%emt 0:01:25]} Ng7 {[%emt 0:05:47]} 22. Nc3 {[%emt 0:01:10]} f5 {[%emt 0:08:25]} 23. Bd2 {[%emt 0:06:38]} fxe4 {[%emt 0:02:13]} 24. fxe4 {[%emt 0:00:06]} Qe7 {[%emt 0:03:17]} 25. Rf3 {[%emt 0:07:27]} Qh4 {[%emt 0:03:48]} 26. Raf1 {[%emt 0:04:57]} Be5 {[%emt 0:05:40]} 27. Be1 {[%emt 0:02:12]} Qe7 {[%emt 0:00:41]} 28. Bd2 {[%emt 0:01:13]} Qh4 {[%emt 0:00:42]} 29. Be1 {[%emt 0:02:55]} Qe7 {[%emt 0:00:05]} 30. Bd2 {[%emt 0:00:37]} Rb8 {[%emt 0:00:12]} 31. b3 {[%emt 0:03:27]} Qh4 {[%emt 0:00:36]} 32. Be1 {[%emt 0:00:14]} Qe7 {[%emt 0:00:55]} 33. Bd2 {[%emt 0:00:01]} Qh4 {[%emt 0:00:36]} 34. Be1 {[%emt 0:00:01]} Qg5 {[%emt 0:00:07]} 35. Bd2 {[%emt 0:00:23]} Qe7 {[%emt 0:00:50]} 36. Bd3 {[%emt 0:02:02]} Bb7 {[%emt 0:00:34]} 37. Na4 {[%emt 0:00:57]} Bc8 {[%emt 0:00:38]} 38. Nb2 {[%emt 0:00:31]} Qb7 {[%emt 0:00:27]} 39. Be2 {[%emt 0:00:32]} h5 {[%emt 0:00:34]} 40. g5 {[%emt 0:00:00]} Qe7 {[%emt 0:00:00]} 41. Nc4 {[%emt 0:01:17]} Bd4 {[%emt 0:12:23]} 42. Bf4 {[%emt 0:17:11]} Nf5 {[%emt 0:04:33]} 43. exf5 {[%emt 0:01:18]} Qxe2+ {[%emt 0:00:03]} 44. Qxe2 {[%emt 0:00:01]} Rxe2+ {[%emt 0:00:04]} 45. Kg3 {[%emt 0:01:23]} Bxf5 {[%emt 0:02:45]} 46. Nxd6 {[%emt 0:00:27]} Bc2 {[%emt 0:06:59]} 47. Nf5 {[%emt 0:05:07]} Rxb3 {[%emt 0:03:39]} 48. Rxb3 {[%emt 0:04:35]} Bxb3 {[%emt 0:00:04]} 49. d6 {[%emt 0:02:37]} Ba4 {[%emt 0:02:18]} 50. Nxd4 {[%emt 0:01:33]} cxd4 {[%emt 0:00:04]} 51. Ra1 {[%emt 0:00:14]} Bd7 {[%emt 0:01:58]} 52. Rd1 {[%emt 0:00:47]} a5 {[%emt 0:00:48]} 53. Rxd4 {[%emt 0:00:22]} a4 {[%emt 0:00:27]} 54. Rd3 {[%emt 0:00:39]} Kf8 {[%emt 0:00:51]} 55. Rc3 {[%emt 0:00:28]} Re1 {[%emt 0:00:52]} 56. Kf2 {[%emt 0:00:31]} Rh1 {[%emt 0:00:33]} 57. Kg2 {[%emt 0:00:23]} Rd1 {[%emt 0:00:14]} 58. Re3 {[%emt 0:00:36]} Rd4 {[%emt 0:00:45]} 59. Be5 {[%emt 0:00:30]} Rd2+ {[%emt 0:00:06]} 60. Kg3 {[%emt 0:00:27]} 1/2-1/2

[Event "EYCC Girls U16 2018"]
[Site "Riga"]
[Date "2018.08.26"]
[Round "6"]
[White "Aubert, Estee"]
[Black "Srdanovic, Jovana"]
[Result "1-0"]
[WhiteElo "1934"]
[BlackElo "2128"]
[Annotator "NA"]
[PlyCount "75"]
[EventDate "2018.08.20"]
[EventType "swiss"]
[EventCountry "LAT"]
[SourceTitle "playchess.com"]
[Source "ChessBase"]
[SourceQuality "1"]
[TimeControl "40/5400+30:1800+30"]

1. Nf3 {[%emt 0:00:00]} d5 {[%emt 0:00:00]} 2. e3 {[%emt 0:00:00]} Nf6 {[%emt 0:00:51]} 3. c4 {[%emt 0:00:00]} c6 {[%emt 0:00:10]} 4. Nc3 {[%emt 0:00:00]} e6 {[%emt 0:06:03]} 5. b3 {[%emt 0:00:15]} Nbd7 {[%emt 0:00:09]} 6. Bb2 {[%emt 0:00:18]} Bd6 {[%emt 0:00:34]} 7. Qc2 {[%emt 0:00:08]} Qe7 {[%emt 0:01:51]} 8. Rg1 {[%emt 0:05:23]} h5 {[%emt 0:22:07]} 9. h3 {[%emt 0:14:31]} h4 {[%emt 0:04:32]} 10. Ne2 {[%emt 0:20:48]} e5 {[%emt 0:02:37]} 11. g4 {[%emt 0:03:43]} hxg3 {[%emt 0:03:09]} 12. Nxg3 {[%emt 0:01:12]} g6 {[%emt 0:00:16]} 13. a3 {[%emt 0:14:52]} e4 {[%emt 0:09:54]} 14. Nd4 {[%emt 0:03:54]} Ne5 {[%emt 0:03:12]} 15. Rh1 {[%emt 0:05:32]} a6 {[%emt 0:01:39]} 16. b4 {[%emt 0:07:38]} Bd7 {[%emt 0:01:12]} 17. c5 {[%emt 0:00:43]} Bc7 {[%emt 0:00:17]} 18. Qc3 {[%emt 0:09:09]} Nh5 {[%emt 0:03:10]} 19. Nxh5 {[%emt 0:02:15]} Rxh5 {[%emt 0:00:09]} 20. Kd1 {[%emt 0:00:58]} Ng4 {[%emt 0:01:39]} 21. Kc2 {[%emt 0:00:19]} Nxf2 {[%emt 0:00:34]} 22. Be2 {[%emt 0:00:34]} Rh4 {[%emt 0:03:34]} 23. Rhf1 {[%emt 0:00:35]} Nxh3 {[%emt 0:00:09]} 24. Nb3 {[%emt 0:01:00]} f5 {[%emt 0:05:25]} 25. Rh1 {[%emt 0:01:49]} O-O-O {[%emt 0:01:12]} 26. a4 {[%emt 0:00:55]} f4 {[%emt 0:11:34]} 27. b5 {[%emt 0:01:07]} Bf5 {[%emt 0:06:15]} 28. bxa6 {[%emt 0:03:06]} bxa6 {[%emt 0:00:05]} 29. Nd4 {[%emt 0:00:31]} Kd7 {[%emt 0:00:26]} 30. Bxa6 {[%emt 0:01:16]} Rb8 {[%emt 0:00:34]} 31. Ba3 {[%emt 0:00:43]} fxe3 {[%emt 0:01:35]} 32. Nxc6 {[%emt 0:00:46]} Qf7 {[%emt 0:07:56]} 33. Nxb8+ {[%emt 0:00:08]} Bxb8 {[%emt 0:00:07]} 34. Bb5+ {[%emt 0:00:11]} Kc8 {[%emt 0:00:26]} 35. dxe3 {[%emt 0:00:19]} Rg4 {[%emt 0:01:13]} 36. Ba6+ {[%emt 0:00:22]} Kd7 {[%emt 0:00:47]} 37. c6+ {[%emt 0:00:07]} Ke6 {[%emt 0:00:03]} 38. Bc8+ {[%emt 0:00:34]} 1-0

[Event "EYCC Girls U16 2018"]
[Site "Riga"]
[Date "2018.08.27"]
[Round "7"]
[White "Badelka, Olga"]
[Black "Antova, Gabriela"]
[Result "1/2-1/2"]
[WhiteElo "2416"]
[BlackElo "2293"]
[Annotator "TA"]
[PlyCount "59"]
[EventDate "2018.08.20"]
[EventType "swiss"]
[EventCountry "LAT"]
[SourceTitle "playchess.com"]
[Source "ChessBase"]
[SourceQuality "1"]

{[%evp 30,59,0,-7,19,5,29,46,27,26,20,10,21,9,1,2,2,7,4,0,0,0,0,0,16,14,8,12,6,12,15,0]} 1. c4 e5 2. g3 Nf6 3. Bg2 d5 4. cxd5 Nxd5 5. Nf3 Nc6 6. O-O Be7 7. Nc3 Nb6 8. a3 O-O 9. b4 Be6 10. Rb1 a6 11. d3 f5 12. Bb2 {A29: English Opening: Four Knights Variation with 4 g3} Qd7 13. Nd2 Rad8 14. Nb3 Nd5 15. Nc5 Bxc5 16. bxc5 {LiveBook: 5 Games} Rf7 $146 ({Predecessor:} 16... Nf6 17. Ba1 Rb8 18. Qa4 Nd4 19. e3 Nb3 20. Qxd7 Nxd7 {½-½ (51) Zhak,B (2445)-Andeer,S (2440) ICCF email 2009}) 17. Ba1 Nxc3 18. Bxc3 Bd5 19. Bxd5 Qxd5 20. Rxb7 {The position is equal.} e4 21. d4 Nxd4 22. Qxd4 Qxd4 23. Bxd4 Rxd4 $11 {[%mdl 4096] Endgame KRR-KRR} 24. Rc1 Re7 25. c6 Kf7 26. Rc5 Ke6 27. Ra5 Rc4 28. Rxa6 Kd6 29. Rb2 Re5 30. f4 {Precision: White = 69%, Black = 54%.} 1/2-1/2

[Event "EYCC Girls U16 2018"]
[Site "Riga"]
[Date "2018.08.27"]
[Round "7"]
[White "Beydullayeva, Govhar"]
[Black "Urh, Zala"]
[Result "1-0"]
[WhiteElo "2184"]
[BlackElo "2156"]
[Annotator "TA"]
[PlyCount "91"]
[EventDate "2018.08.20"]
[EventType "swiss"]
[EventCountry "LAT"]
[SourceTitle "playchess.com"]
[Source "ChessBase"]
[SourceQuality "1"]

{[%evp 20,91,4,5,14,12,28,34,35,-3,111,86,76,41,35,27,31,33,26,27,59,60,70,56,73,62,125,116,122,115,108,101,119,110,103,111,127,125,207,207,207,129,187,150,147,139,149,141,139,144,261,249,329,334,335,287,287,285,289,274,374,374,374,372,366,366,366,366,684,710,766,740,964,963]} 1. Nf3 d5 2. g3 c6 3. Bg2 Bg4 4. O-O Nd7 5. c4 e6 6. cxd5 exd5 7. Qb3 {A11: Reti-Eröffnung} (7. d3 Ngf6 8. h3 Bxf3 9. exf3 Be7 10. f4 Nc5 11. Re1 O-O 12. d4 Nce4 13. g4 Bb4 14. Re2 Qc7 15. g5 Ne8 {0-1 (63) Kuzubov,Y (2689)-Hovhannisyan,R (2601) Batumi 2018}) 7... Qb6 8. Qc2 Ngf6 9. d3 Bd6 10. Nc3 O-O 11. e4 {LiveBook: 22 Partien} dxe4 12. dxe4 Rfe8 13. Be3 Qa5 14. h3 Be6 $146 (14... Bxf3 $1 $11 {hält das Gleichgewicht.} 15. Bxf3 Bc5) ({Vorgänger:} 14... Bxf3 15. Bxf3 {1-0 (35) Libiszewski,F (2522)-Tomnikova,L (2210) Doha 2014}) 15. Nd4 Rad8 16. Rad1 {Droht stark Sxc6!} Bc4 17. Rfe1 {Und weiter mit Sxc6! wäre nett.} Bb4 18. Nb3 Bxb3 19. axb3 a6 20. f4 Nc5 21. e5 Nd5 22. Bf2 (22. Bxd5 $6 cxd5 23. Kg2 Ne6 $11) 22... h6 (22... Ne7 $14) 23. Ra1 $1 $36 {[%cal Ra1a5][%mdl 2048] Schwarz steht unter starkem Druck.} ({Doch nicht} 23. Bxd5 $6 cxd5 24. Kg2 Qc7 $11) 23... Qc7 24. Nxd5 cxd5 25. Red1 {Schwarz muss nun Ta4! beachten.} Ne6 26. Qxc7 Nxc7 27. Bb6 Rd7 28. Rac1 Ree7 (28... Na8 $16) 29. h4 $18 {[%cal Bh3h4,Bh4g5][%mdl 32]} g6 30. Kf2 Kg7 (30... h5 $16 31. Rd4 (31. Bh3 Ne6 $16) 31... a5) 31. g4 f6 32. exf6+ $1 Kxf6 {[#]} 33. g5+ $1 hxg5 34. hxg5+ Kg7 {[#]} (34... Kf7 $16 35. Bxc7 Rxc7) 35. Bd4+ $1 Kg8 36. Rh1 Rh7 37. Rxh7 Rxh7 38. Be5 Ba5 39. Kg3 Kf8 40. Bf1 Ne6 41. Bd3 Kf7 42. Kg4 {zielt auf Lxg6+! ab.} Nf8 43. Bd6 Rh2 $2 (43... Bb6 44. Re1 Bd8) 44. Rc8 {Weiß steht klar auf Gewinn.} Rh8 45. Rb8 b5 46. b4 {Precision: Weiß = 86%, Schwarz = 33%.} 1-0

[Event "EYCC Girls U16 2018"]
[Site "Riga"]
[Date "2018.08.27"]
[Round "7"]
[White "Shpanko, Nadiia"]
[Black "Kocyigit, Buse Naz"]
[Result "1-0"]
[WhiteElo "2176"]
[BlackElo "1950"]
[Annotator "TA"]
[PlyCount "103"]
[EventDate "2018.08.20"]
[EventType "swiss"]
[EventCountry "LAT"]
[SourceTitle "playchess.com"]
[Source "ChessBase"]
[SourceQuality "1"]

{[%evp 16,103,35,28,29,36,41,40,46,42,43,17,23,15,50,17,72,70,72,78,78,57,93,98,104,102,115,116,122,114,107,110,102,97,120,125,115,119,195,203,335,140,133,145,135,117,117,121,228,228,228,218,347,327,387,308,485,478,433,415,906,906,898,887,870,862,844,743,1908,1575,5704,985,5777,3845,1654,1497,6713,6597,6497,6428,6421,6075,4606,2328,6680,5840,6613,6385,1354,873]} 1. e4 e5 2. Nf3 d6 3. d4 exd4 4. Nxd4 Nf6 5. Nc3 Be7 6. g3 O-O 7. Bg2 {C41: Philidor Defence} Re8 8. O-O Bf8 9. b3 {LiveBook: 10 Games. White is slightly better.} (9. h3 Nbd7 10. Re1 c5 11. Nf5 Ne5 12. Bg5 h6 13. Bxf6 Qxf6 14. Nd5 Qd8 {½-½ (32) Oparin,G (2602)-Mamedyarov,S (2799) Moscow 2017}) 9... Bd7 10. Bb2 Nc6 11. Re1 $146 ({Predecessor:} 11. Qd2 Nxd4 12. Qxd4 Bc6 13. Rfe1 Nd7 14. Rad1 a5 {½-½ (31) Yu,R (2428)-Bu,X (2666) Qinhuangdao 2011}) 11... g6 12. Nd5 {Black must now prevent Nxc6.} Bg7 13. Nxc6 Bxc6 14. c4 $36 {[%mdl 2048] White has good play.} a5 15. Qf3 Bxd5 (15... Nxd5 $1 $11 {keeps the balance.} 16. Bxg7 Kxg7 17. cxd5 (17. exd5 Bd7 $11) 17... Bd7) 16. cxd5 $16 Nd7 17. Bxg7 Kxg7 18. Qc3+ f6 19. Rac1 Nc5 20. Re3 b5 21. a3 b4 22. axb4 axb4 23. Qxb4 Qb8 24. Qc4 Ra3 25. b4 Ra4 26. Rb1 Qb6 (26... Re7 $16 27. Rc3 Re8) 27. Bf1 $18 Rea8 (27... Qa7 $142 28. Qc1 Nxe4) 28. Qb5 (28. e5 $1 $18 {[%cal Re5f6] and the rest is easy.} fxe5 29. Qh4) 28... Qxb5 $16 29. Bxb5 Ra1 30. Rxa1 Rxa1+ {[%mdl 4096] Endgame KRB-KRN} 31. Kg2 Rb1 (31... Na4 $16 {was necessary.} 32. Rd3 Kf7) 32. bxc5 $18 Rxb5 {[#] KR-KR} 33. c6 $1 Kf7 (33... Rb4 {was worth a try.} 34. f3 f5 35. exf5 Kf6 36. fxg6 Rb2+ 37. Kh3 hxg6) 34. Ra3 {aiming for Ra7.} f5 35. exf5 gxf5 (35... Rxd5 $142 36. Ra7 Rc5 37. Rxc7+ Kf6 38. fxg6 hxg6) 36. Ra7 Rxd5 37. Rxc7+ Ke6 (37... Kg6 $142 38. Rd7 Rd3) 38. Rxh7 {White is clearly winning.} Rc5 39. c7 Ke5 40. Kf3 Rc3+ {[#]} 41. Ke2 $1 d5 42. Kd2 d4 43. h4 Kf6 44. f3 Kg6 45. Rd7 Kh6 46. Rxd4 Rxc7 47. Ke3 Rc5 48. Kf4 Kg6 49. Rd6+ Kg7 50. Kg5 Rc3 51. Rd7+ Kf8 52. Rd5 {Precision: White = 80%, Black = 29%.} 1-0

[Event "EYCC Girls U16 2018"]
[Site "Riga"]
[Date "2018.08.27"]
[Round "7"]
[White "Bucur, Denisa Andreea"]
[Black "Grigorieva, Yulia"]
[Result "1/2-1/2"]
[WhiteElo "2077"]
[BlackElo "1992"]
[Annotator "NA"]
[PlyCount "73"]
[EventDate "2018.08.20"]
[EventType "swiss"]
[EventCountry "LAT"]
[SourceTitle "playchess.com"]
[Source "ChessBase"]
[SourceQuality "1"]
[TimeControl "40/5400+30:1800+30"]

1. d4 {[%emt 0:00:00]} Nf6 {[%emt 0:00:00]} 2. Nf3 {[%emt 0:00:00]} g6 {[%emt 0:00:00]} 3. c4 {[%emt 0:00:02]} Bg7 {[%emt 0:00:08]} 4. g3 {[%emt 0:00:21]} d5 5. cxd5 {[%emt 0:00:26]} O-O {[%emt 0:00:58]} 6. Bg2 {[%emt 0:00:22]} Nxd5 {[%emt 0:00:12]} 7. O-O {[%emt 0:00:17]} Nb6 {[%emt 0:00:25]} 8. Nc3 {[%emt 0:00:27]} Nc6 {[%emt 0:00:07]} 9. d5 {[%emt 0:00:23]} Na5 {[%emt 0:00:54]} 10. Qc2 {[%emt 0:00:32]} c6 {[%emt 0:02:27]} 11. dxc6 {[%emt 0:00:40]} Nxc6 {[%emt 0:02:43]} 12. Rd1 {[%emt 0:01:00]} Qe8 {[%emt 0:00:52]} 13. Bf4 {[%emt 0:01:08]} Bf5 {[%emt 0:05:13]} 14. Qc1 {[%emt 0:00:51]} Rc8 {[%emt 0:18:07]} 15. Bh6 {[%emt 0:07:30]} e5 {[%emt 0:06:36]} 16. Bxg7 {[%emt 0:02:41]} Kxg7 {[%emt 0:00:09] LiveBook: 5 Games} 17. b3 {[%emt 0:04:46]} f6 {[%emt 0:11:51]} 18. Qb2 {[%emt 0:01:39]} e4 {[%emt 0:08:01]} 19. Nh4 {[%emt 0:02:36]} Qe5 {[%emt 0:02:37]} 20. Nxf5+ {[%emt 0:13:28]} gxf5 $11 {[%emt 0:01:25]} 21. f4 {[%emt 0:02:22]} exf3 {[%emt 0:11:06]} 22. Bxf3 {[%emt 0:13:33]} Nd4 {[%emt 0:06:44]} 23. Rd3 {[%emt 0:09:49]} Rfd8 {[%emt 0:10:15]} 24. Kg2 {[%emt 0:08:41]} Nxf3 {[%emt 0:08:50]} 25. Rxf3 {[%emt 0:00:01]} Rc5 {[%emt 0:02:01]} 26. Kf1 {[%emt 0:11:59]} Rdc8 {[%emt 0:00:39]} 27. Nd1 {[%emt 0:00:31]} Qxb2 {[%emt 0:00:29]} 28. Nxb2 {[%emt 0:00:02]} Rc1+ {[%emt 0:00:27]} 29. Rxc1 {[%emt 0:00:10]} Rxc1+ {[%emt 0:00:01]} 30. Kf2 {[%emt 0:00:28]} Rc2 {[%emt 0:01:03]} 31. Nd3 {[%emt 0:02:31]} Nd5 {[%emt 0:00:32]} 32. Nf4 {[%emt 0:09:12]} Nxf4 {[%emt 0:00:32]} 33. Rxf4 {[%emt 0:00:02]} Rxa2 {[%emt 0:00:20]} 34. Rxf5 {[%emt 0:00:18]} Rb2 {[%emt 0:00:27]} 35. Rb5 {[%emt 0:01:49]} b6 {[%emt 0:00:12]} 36. h4 {[%emt 0:02:44]} Kf7 {[%emt 0:00:36]} 37. g4 {[%emt 0:00:42]} 1/2-1/2